00287nam a2200097Ia 4500008004000000082001600040100002200056245005700078260004600135300000800181210210b1993 xxu||||| |||| 00| 0 eng d a371.42 TANC aTANDON (Kum Kum). aCareer options in science and technology after 10+2. aNew Delhi.bUBSPD, Career Options.,c1993 a630